000 01412naa a22003137a 4500
001 BR8708345
003 BR-BrBNA
005 20250721154542.0
007 ta
008 250630b bl.|||m| |||| 00| 0 por d
040 _aBR-BrBNA
_bpor
_cBiblioteca Nacional de Agricultura
041 _a(Pt)
072 _aF30
_b0120
_bG514
090 _aF30 BR8708345
100 1 _aFluminhan, E.S.
100 1 _aLenzi, E.A.
111 1 _a15. Congresso Nacional de Milho e Sorgo
_cMaceio, AL (Brazil)
_d2 Jul 1986
245 1 _aComportamento de alguns hibridos duplos comerciais de milho no outono-inverno, no municipio de Bandeirantes, Parana
246 1 _aBehavior of some maize comercial double hybrids under autumn-winter conditions, in Bandeirantes, Parana
246 1 _a[Annals of the 15th Maize and Sorghum National Congress]
500 _aAnais do 15. Congresso Nacional de Milho e Sorgo Brasilia, DF (Brasil): Empresa Brasileira de Pesquisa Agropecuaria. Departamento de Difusao de Tecnologia, 1986. p. 237-240 [8 ref.; Summaries (En, Pt)] (BR8708345-AMS)
773 0 _tAnais do 15. Congresso Nacional de Milho e Sorgo
_wF30 BR8708345
_gBrasilia, DF (Brasil), 1986. p. 237-240
650 _aMILHO
650 _aHIBRIDO
650 _aPRODUTIVIDADE
490 _aDocumentos - Centro Nacional de Pesquisa de Milho e Sorgo (Brazil)
_vno. 5
942 _cAMS
_2AGRIS
909 _a202506
_bLúcia
_c55
_dLúcia Elande
999 _c335587
_d335587